<?xml version="1.0" encoding="UTF-8"?>
<record
    xmlns:xsi="http://www.w3.org/2001/XMLSchema-instance"
    xsi:schemaLocation="http://www.loc.gov/MARC21/slim http://www.loc.gov/standards/marcxml/schema/MARC21slim.xsd"
    xmlns="http://www.loc.gov/MARC21/slim">

  <leader>00550nam a22002057a 4500</leader>
  <controlfield tag="005">20230412112723.0</controlfield>
  <controlfield tag="008">230330b        |||||||| |||| 00| 0 eng d</controlfield>
  <datafield tag="020" ind1=" " ind2=" ">
    <subfield code="a">9781846046384</subfield>
    <subfield code="q">Paperback</subfield>
  </datafield>
  <datafield tag="040" ind1=" " ind2=" ">
    <subfield code="a">CBULib</subfield>
    <subfield code="c">CBULib</subfield>
  </datafield>
  <datafield tag="041" ind1=" " ind2=" ">
    <subfield code="a">eng</subfield>
  </datafield>
  <datafield tag="050" ind1=" " ind2=" ">
    <subfield code="a">D  805.G3 Fra</subfield>
  </datafield>
  <datafield tag="100" ind1=" " ind2=" ">
    <subfield code="a">Frankl, Viktor E.</subfield>
  </datafield>
  <datafield tag="245" ind1=" " ind2=" ">
    <subfield code="a">Man's search for meaning</subfield>
    <subfield code="c">/ by Viktor E. Frankl</subfield>
  </datafield>
  <datafield tag="260" ind1=" " ind2=" ">
    <subfield code="a">London : </subfield>
    <subfield code="b">Rider, </subfield>
    <subfield code="c">2020</subfield>
  </datafield>
  <datafield tag="300" ind1=" " ind2=" ">
    <subfield code="a">xvii, 217 pages</subfield>
  </datafield>
  <datafield tag="600" ind1=" " ind2=" ">
    <subfield code="a">FRANKL, VIKTOR E.</subfield>
  </datafield>
  <datafield tag="650" ind1=" " ind2=" ">
    <subfield code="a">LOGOTHERAPY</subfield>
  </datafield>
  <datafield tag="650" ind1=" " ind2=" ">
    <subfield code="a">PSYCHOLOGICAL ASPECTS</subfield>
  </datafield>
  <datafield tag="942" ind1=" " ind2=" ">
    <subfield code="c">002</subfield>
  </datafield>
  <datafield tag="999" ind1=" " ind2=" ">
    <subfield code="c">75547</subfield>
    <subfield code="d">75547</subfield>
  </datafield>
  <datafield tag="952" ind1=" " ind2=" ">
    <subfield code="0">0</subfield>
    <subfield code="1">0</subfield>
    <subfield code="2">lcc</subfield>
    <subfield code="4">0</subfield>
    <subfield code="7">0</subfield>
    <subfield code="8">MC</subfield>
    <subfield code="a">001</subfield>
    <subfield code="b">001</subfield>
    <subfield code="c">GEN</subfield>
    <subfield code="d">2023-03-30</subfield>
    <subfield code="e">DON-BOOKAID</subfield>
    <subfield code="g">24.81</subfield>
    <subfield code="o">D  805.G3 Fra</subfield>
    <subfield code="p">751870</subfield>
    <subfield code="r">2023-06-26</subfield>
    <subfield code="t">1</subfield>
    <subfield code="v">31.81</subfield>
    <subfield code="w">2023-03-30</subfield>
    <subfield code="y">002</subfield>
  </datafield>
  <datafield tag="952" ind1=" " ind2=" ">
    <subfield code="0">0</subfield>
    <subfield code="1">0</subfield>
    <subfield code="2">lcc</subfield>
    <subfield code="4">0</subfield>
    <subfield code="7">0</subfield>
    <subfield code="8">MC</subfield>
    <subfield code="a">001</subfield>
    <subfield code="b">001</subfield>
    <subfield code="c">GEN</subfield>
    <subfield code="d">2023-03-30</subfield>
    <subfield code="e">DON-BOOKAID</subfield>
    <subfield code="g">24.81</subfield>
    <subfield code="l">3</subfield>
    <subfield code="o">D 803.G3 Fra</subfield>
    <subfield code="p">751871</subfield>
    <subfield code="r">2024-04-10</subfield>
    <subfield code="s">2024-03-27</subfield>
    <subfield code="t">2</subfield>
    <subfield code="v">31.81</subfield>
    <subfield code="w">2023-03-30</subfield>
    <subfield code="y">002</subfield>
  </datafield>
  <datafield tag="952" ind1=" " ind2=" ">
    <subfield code="0">0</subfield>
    <subfield code="1">0</subfield>
    <subfield code="2">lcc</subfield>
    <subfield code="4">0</subfield>
    <subfield code="7">0</subfield>
    <subfield code="8">SOM</subfield>
    <subfield code="a">002</subfield>
    <subfield code="b">002</subfield>
    <subfield code="c">SOM</subfield>
    <subfield code="d">2023-04-04</subfield>
    <subfield code="e">DON-BOOKAID</subfield>
    <subfield code="g">24.81</subfield>
    <subfield code="l">1</subfield>
    <subfield code="o">D 805.G3 Fra</subfield>
    <subfield code="p">905350</subfield>
    <subfield code="r">2024-08-21</subfield>
    <subfield code="s">2024-07-30</subfield>
    <subfield code="t">3</subfield>
    <subfield code="v">31.81</subfield>
    <subfield code="w">2023-04-04</subfield>
    <subfield code="y">002</subfield>
  </datafield>
  <datafield tag="952" ind1=" " ind2=" ">
    <subfield code="0">0</subfield>
    <subfield code="1">0</subfield>
    <subfield code="2">lcc</subfield>
    <subfield code="4">0</subfield>
    <subfield code="7">0</subfield>
    <subfield code="8">SOM</subfield>
    <subfield code="a">002</subfield>
    <subfield code="b">002</subfield>
    <subfield code="c">SOM</subfield>
    <subfield code="d">2023-04-04</subfield>
    <subfield code="e">DON-BOOKAID</subfield>
    <subfield code="g">24.81</subfield>
    <subfield code="l">1</subfield>
    <subfield code="o">D 805.G3 Fra</subfield>
    <subfield code="p">905351</subfield>
    <subfield code="q">2025-07-05</subfield>
    <subfield code="r">2025-06-19</subfield>
    <subfield code="s">2025-06-19</subfield>
    <subfield code="t">4</subfield>
    <subfield code="v">31.81</subfield>
    <subfield code="w">2023-04-04</subfield>
    <subfield code="y">002</subfield>
  </datafield>
</record>
